Lugos várossá válása
Elmentve itt :
| Szerző: | |
|---|---|
| Adatforrás: | Meister |
| Forrásdokumentuma: | Korunk. - 2 sz., 1994, 89-94 p. |
| Nyelv: | magyar |
| Kulcsszavak: | kisebbségtörténet várostörténet történeti demográfia Lugos Bánság |
| LEADER | 00436nab a2200169 i 4500 | ||
|---|---|---|---|
| 001 | bibPRO00000029 | ||
| 008 | 060524s1994 xx hun | ||
| 040 | |a Sz1 | ||
| 041 | |a hun | ||
| 100 | 1 | |a BALOGH Béla | |
| 245 | 1 | 0 | |a Lugos várossá válása |c BALOGH Béla |
| 695 | |a kisebbségtörténet | ||
| 695 | |a várostörténet | ||
| 695 | |a történeti demográfia | ||
| 695 | |a Lugos | ||
| 695 | |a Bánság | ||
| 773 | 0 | |t Korunk. - |g 2 sz., 1994, 89-94 p. | |